Manipuri
Manipuri, la danza clásica del extremo oriental de la India, está marcada por un manjar lleno de tradición. El libro lleva a uno a través de los matices sutiles de la forma de lo sobrenatural a lo mitológico, preocupado por las vidas de seres celestiales, deidades, demonios y sabios.
| Yazar: | |
|---|---|
| Materyal Türü: | Set |
| Dil: | Spanish English |
| Baskı/Yayın Bilgisi: |
.
.
|
| Seri Bilgileri: | Dances of India
|
| Konular: |
MARC
| LEADER | 00000nac a22000007a 4500 | ||
|---|---|---|---|
| 003 | Ucuenca | ||
| 005 | 20230308225748.0 | ||
| 008 | 180226b2004 ii ||||| |||| 00| 0 spa d | ||
| 999 | |c 153921 |d 153921 | ||
| 020 | |a 81-86685-36-7 | ||
| 040 | |b spa | ||
| 041 | 0 | |a eng | |
| 082 | 0 | |a 784.188 5 | |
| 100 | 1 | |9 221164 |a Singhajit Singh, R.K. | |
| 245 | |a Manipuri |c R.K. Singhajit Singh |h imp | ||
| 260 | |a . |c . | ||
| 264 | |a Nueva Delhi |b Wisdom Tree |c 2004 | ||
| 300 | |a 94 páginas: |b ilu |c 15.5 cm | ||
| 490 | |a Dances of India |p Manipuri | ||
| 520 | 3 | |a Manipuri, la danza clásica del extremo oriental de la India, está marcada por un manjar lleno de tradición. El libro lleva a uno a través de los matices sutiles de la forma de lo sobrenatural a lo mitológico, preocupado por las vidas de seres celestiales, deidades, demonios y sabios. | |
| 650 | |9 221167 |a Manipuri | ||
| 650 | |9 221137 |a Danza india | ||
| 650 | |9 10729 |a India | ||
| 942 | |c CR |z esthela.durán@ucuenca.edu.ec | ||